| 000 | 00411pab a2200169 454500 | ||
|---|---|---|---|
| 008 | 180718b2008 xxu||||| |||| 00| 0 eng d | ||
| 100 | _aAbraham, Rosa A. | ||
| 245 | _aMultidimensional poverty and vulnerability | ||
| 260 | _c2008 | ||
| 300 | _ap.77-87. | ||
| 362 | _a17 May | ||
| 650 | _aPoverty | ||
| 700 | _aKumar, K.S. Ravi | ||
| 773 | _aEconomic and Political Weekly | ||
| 908 | _aN | ||
| 909 | _a78193 | ||
| 999 |
_c78193 _d78193 |
||